Exceptional students in the mainstream /

Bibliographic Details
Main Author: Schwartz, Lita Linzer
Format: Book
Language:English
Published: Belmont, CA : Wadsworth Pub. Co., [1984]
Subjects:

MARC

Tag First Indicator Second Indicator Subfields
LEADER 00000pam a2200000 a 4500
001 in00000518321
005 20151013083714.0
008 830630s1984 caua b 00110 eng
010 |a  83012513  
020 |a 0534029884 (pbk.) 
035 |a (OCoLC)09731813 
035 |9 ACF4370AM 
039 0 |a 2  |b 3  |c 3  |d 3  |e 3 
040 |a DLC  |c DLC  |d TXA  |d UtOrBLW 
043 |a n-us--- 
049 |a TXAM 
050 0 0 |a LC3981  |b .S38 1984 
082 0 |a 371.9  |2 19 
100 1 |a Schwartz, Lita Linzer. 
245 1 0 |a Exceptional students in the mainstream /  |c Lita Linzer Schwartz. 
264 1 |a Belmont, CA :  |b Wadsworth Pub. Co.,  |c [1984] 
264 4 |c ©1984 
300 |a xiv, 370 pages :  |b illustrations ;  |c 24 cm. 
336 |a text  |b txt  |2 rdacontent 
337 |a unmediated  |b n  |2 rdamedia 
338 |a volume  |b nc  |2 rdacarrier 
500 |a Includes indexes. 
504 |a Bibliography: pages 343-360. 
650 0 |a Special education  |z United States. 
650 0 |a Mainstreaming in education  |z United States. 
999 |a MARS 
999 f f |s 5902437d-b89d-3535-9660-d79896b0504d  |i 082ab27c-7635-3228-a5a1-4cec4348646f  |t 0 
952 f f |p normal  |a Texas A&M University  |b College Station  |c Sterling C. Evans Library  |d Evans: Library Stacks  |t 0  |e LC3981 .S38 1984  |h Library of Congress classification  |i unmediated -- volume  |m A14808008821 
998 f f |a LC3981 .S38 1984  |t 0  |l Evans: Library Stacks